000 00494pab a2200181 454500
008 180718b2011 xxu||||| |||| 00| 0 eng d
100 _aHolmlund, Helena
245 _aThe causal effect of parents' schooling on children's schooling: A comparison of estimation methods
260 _c2011
300 _ap.615-651.
362 _aSep
650 _aSchools
700 _aPlug, Erik
700 _aLindahl, Mikael
773 _aJournal of Economic Literature
908 _aN
909 _a93509
999 _c93509
_d93509